The Effective Reader (Record no. 6145)

MARC details
000 -LEADER
fixed length control field 01043nam a2200181 4500
020 ## - INTERNATIONAL STANDARD BOOK NUMBER
ISBN 020573717X
022 ## - INTERNATIONAL STANDARD SERIAL NUMBER
ISSN 9780205737185
050 ## - CALL NUMBER
Classification number LB2395.3.H38
100 ## - AUTHOR
Personal name D J Henry
245 ## - TITLE
Title The Effective Reader
Remainder of title Alternate Readings Edition
250 ## - EDITION
Edition statement 2nd ed
260 ## - PUBLICATION INFORMATION
Place of publication New York :
Name of publisher Pearson/Longman
Year of publication 2010
300 ## - DESCRIPTION
Number of Pages xxii, 820 pages
Other physical details color illustrations ; 24 cm
500 ## - NOTES
General note includes index
505 ## - FORMATTED CONTENTS NOTE
Table of Content Becoming an effective reader --<br/>A reading system for effective readers --<br/>Vocabulary and dictionary skills --<br/>Stated main ideas --<br/>Supporting details --<br/>Outlines and concept maps --<br/>Transitions and thought patterns --<br/>More thought patterns --<br/>Implied main ideas and implied central ideas --<br/>Fact and opinion --<br/>Tone and purpose --<br/>Inferences --<br/>The basics of argument --<br/>Advanced argument: persuasive techniques --<br/>Additional readings --<br/>Combined-skills tests --<br/>Reading enrichment.
650 ## - SUBJECTS
Topical Term Critical thinking -- Study and teaching (Higher) College readers.
General subdivision Reading (Higher education)
942 ## - ADDED ENTRY ELEMENTS (KOHA)
Koha item type Books
Holdings
Withdrawn status Lost status Collection code Home library Current library Shelving location Date acquired Full call number Accession Number Koha item type
    Reference Methodist University Library Main Methodist University Library Main General Stacks 10/02/2013 LB2395.3.H38 37767 Books
Copyright © 2026  MUG Library